幸福競爭力 : (Record no. 7117)
[ view plain ]
| 000 -記錄標示(系統產生) | |
|---|---|
| fixed length control field | 00765cam a2200241 i 4500 |
| 020 ## - ISBN | |
| ISBN | 9789869379267 |
| 價格 | 新臺幣300元 |
| 100 1# - 主要款目 | |
| 第一作者姓名 | 黃佳興 |
| 245 10 - 書籍基本資料 | |
| 書名 | 幸福競爭力 : |
| 副標題 | 21世紀不可或缺的能力 / |
| 作者名稱 | 黃佳興著 |
| 250 ## - 書籍版本資料 | |
| 書籍版本 | 初版 |
| 260 ## - 書籍出版資料 | |
| 出版地 | 臺北市 : |
| 出版者 | 布克文化出版 : |
| -- | 家庭傳媒城邦分公司發行, |
| 出版年 | 民106[2017] |
| 300 ## - 外觀規格(長、寬、高) | |
| 數量(面數, 冊數或其他) | 239面 : |
| 插圖及其他 | 像 ; |
| 高廣尺寸 | 21公分 |
| 490 1# - 套書系列資料 | |
| 套書名稱 | 佳興成長營 ; |
| 冊次號 | 1. |
| 942 ## - 其他項目(KOHA) | |
| 分類法來源 | 中文圖書分類法 |
| 館藏類型設定 | 一般圖書 |
| 撤銷狀態 | 遺失狀態 | 分類號來源 | 損壞狀態 | 不外借 | 永久館藏地 | 現在館藏地 | 採購日期 | 所有借閱數 | 完整索書號 | 條碼號 | 最後一次日期記錄 | 最後借出日期 | 一般價格有效日期 | Koha館藏類型 | 公開資訊 |
|---|---|---|---|---|---|---|---|---|---|---|---|---|---|---|---|
| 未註銷館藏 | 未遺失 | 中文圖書分類法 | 未損毀 | 可外借 | 怡仁綜合醫院圖書館 | 怡仁綜合醫院圖書館 | 2020-08-03 | 3 | 177 | C02711 | 2026-01-05 | 2025-12-24 | 2020-08-03 | 一般圖書 | 短暫的幸福靠感受,長期的幸福靠競爭力,這就是《幸福競爭力》的由來。 |